| 000 | 00401nam a22001697a 4500 | ||
|---|---|---|---|
| 999 |
_c5973 _d5971 |
||
| 005 | 20210827143235.0 | ||
| 008 | 190910b xxu||||| |||| 00| 0 eng d | ||
| 020 | _a978-93-85529-00-9 | ||
| 041 | _aeng | ||
| 100 |
_aMEHTA, R.M. _95068 |
||
| 245 | _aPHARMACEUTICS-I | ||
| 250 | _aREV, 6th ed. | ||
| 260 |
_aDELHI _bVALLABH PRAKASHAN _c2015 |
||
| 300 | _a210 | ||
| 650 |
_aPHARMACY _96791 |
||
| 942 | _cBK | ||